[Event "Caioba Telecom op"]
[Site "Caioba"]
[Date "2017.09.28"]
[Round "1"]
[White "Nunes Filho, Marcelo Adriano"]
[Black "De Lima, Luis Gustavo Hakim"]
[Result "1-0"]
[WhiteElo "1860"]
[BlackElo "1693"]
[PlyCount "23"]
[EventDate "2017.09.28"]
[EventType "swiss"]
[EventRounds "8"]
[EventCountry "BRA"]
[SourceTitle "EXT 2018"]
[Source "ChessBase"]
[SourceDate "2017.10.13"]
[SourceVersion "1"]
[SourceVersionDate "2017.10.13"]
[SourceQuality "1"]

1. e4 e6 2. e5 Nc6 3. d4 d6 4. exd6 Bxd6 5. Nf3 Nf6 6. Bg5 h6 7. Be3 0-0 8. Nbd2 Re8 9. Bb5 Bd7 10. 0-0 a6 11. Bc4 a5 12. c3 1-0